Die verschiedenen Arten menschlicher Zähne - Statistiken

Allgemein
  • Dieses Quiz wurde 73 mal gespielt
  • Das Durchschnittsergebnis liegt bei 3 aus 5
Antwortstatistiken
Antworten % Korrekt
Schneidezahn
92%
Eckzahn
86%
Weisheitszahn
61%
Mahlzahn
17%
Vormahlzahn
6%
Keine übereinstimmenden Quizze gefunden
Verteilung der Resultate
Anzahl Personen mit jedem Resultat
Perzentil nach korrekt beantworteten Fragen
Ihre Resultats-Entwicklung
Sie haben dieses Quiz noch nicht gespielt